000 00755nam a2200253Ia 4500
003 OSt
005 20221005035507.0
006 a|||||r|||| 00| 0
007 ta
008 221004b |||||||| |||| 00| 0 urd d
020 _a8189461605 (pbk)
_c25
024 _a23831
037 _b4621, 31/12/2015, Kitabi Duniya
_cTextual
040 _aCRL
_cCRL
_burd
041 _2urd
_aurd
082 _aO168,1N58x, P8
100 _aAbadi Allama Waqif Azim
_9588332
245 0 _aGuldasta-e-Naat-o-Manqabat
260 _aDelhi
_bKitabi Duniya India
_c2008
300 _a48p.
_ccm.
650 _aURDU POETRY
942 _hO168,1N58x, P8
_cTEXL
_2cc
999 _c945251
_d945251